5 Most NBA All-Stars by Team - Statistics

General Stats
  • This quiz has been taken 657 times
    607 since last reset
  • The average score is 84 of 139
Answer Stats
Team Player % Correct
Cavaliers Kyrie Irving
95%
76ers Julius Erving
94%
Jazz Karl Malone
94%
Cavaliers, Heat LeBron James
94%
Rockets Moses Malone
94%
Bulls Michael Jordan
93%
Bucks, Lakers Kareem Abdul-Jabbar
92%
Lakers Jerry West
91%
Jazz John Stockton
91%
Lakers Kobe Bryant
91%
Pelicans David West
90%
Bulls Scottie Pippen
90%
Heat, Magic Shaquille O'Neal
90%
Spurs Tim Duncan
90%
Warriors Wilt Chamberlain
90%
76ers, Nuggets Allen Iverson
89%
Clippers, Pelicans Chris Paul
89%
Thunder Kevin Durant
89%
Mavericks Dirk Nowitzki
88%
Lakers Magic Johnson
88%
Pistons Isiah Thomas
87%
Rockets James Harden
87%
Celtics Larry Bird
87%
Thunder Russell Westbrook
87%
Warriors Stephen Curry
87%
Celtics Bill Russell
86%
Knicks, Nuggets Carmelo Anthony
86%
Spurs David Robinson
86%
Heat Dwyane Wade
86%
Rockets Hakeem Olajuwon
86%
Timberwolves Kevin Garnett
86%
Spurs Tony Parker
86%
Heat, Raptors Chris Bosh
85%
Kings Oscar Robertson
85%
Wizards John Wall
83%
Grizzlies Marc Gasol
83%
Knicks Patrick Ewing
83%
Grizzlies Pau Gasol
83%
Mavericks, Suns Steve Nash
83%
Clippers Blake Griffin
82%
Nets, Raptors Vince Carter
82%
Nets Jason Kidd
81%
Timberwolves Kevin Love
81%
Pelicans Anthony Davis
80%
Raptors Antonio Davis
80%
Pelicans Baron Davis
80%
Trail Blazers Damian Lillard
80%
Pacers Reggie Miller
80%
Suns Walter Davis
80%
76ers Charles Barkley
79%
Magic Dwight Howard
79%
Hawks Joe Johnson
79%
Wizards Gus Johnson
78%
Hornets Larry Johnson
78%
Bucks Marques Johnson
78%
Hawks Dominique Wilkins
77%
Trail Blazers Clyde Drexler
76%
Celtics Paul Pierce
76%
Magic Tracy McGrady
76%
Thunder Gary Payton
74%
Pacers Jermaine O'Neal
74%
Bucks Ray Allen
74%
Celtics Bob Cousy
73%
Bulls Chet Walker
73%
Raptors DeMar DeRozan
73%
Celtics John Havlicek
73%
Hornets Kemba Walker
73%
Raptors Kyle Lowry
73%
Pacers Paul George
71%
Hornets Gerald Wallace
70%
Magic Penny Hardaway
69%
Heat, Hornets Alonzo Mourning
68%
Nuggets David Thompson
68%
Hawks Bob Pettit
67%
Lakers Elgin Baylor
66%
Pistons Joe Dumars
66%
Nuggets Alex English
65%
Spurs George Gervin
65%
Suns Amar'e Stoudemire
62%
Timberwolves Karl-Anthony Towns
62%
Warriors Rick Barry
61%
Knicks Walt Frazier
61%
Grizzlies Mike Conley
60%
Thunder Shawn Kemp
60%
Clippers Bob McAdoo
59%
Jazz Deron Williams
59%
Nets Buck Williams
58%
Grizzlies Zach Randolph
58%
Knicks Willis Reed
57%
Wizards Wes Unseld
56%
Cavaliers Mark Price
55%
Rockets Yao Ming
55%
Wizards Elvin Hayes
54%
Trail Blazers, Spurs LaMarcus Aldridge
54%
Nets Brook Lopez
52%
Bulls Jimmy Butler
52%
Nuggets Dikembe Mutombo
51%
Bulls Artis Gilmore
47%
Jazz Pete Maravich
47%
Magic Grant Hill
46%
Suns Shawn Marion
44%
Bucks Sidney Moncrief
44%
Jazz Adrian Dantley
42%
76ers Hal Greer
42%
76ers Dolph Schayes
40%
Pistons Bob Lanier
38%
Timberwolves Sam Cassell
36%
Hornets Glen Rice
35%
Cavaliers Zydrunas Ilgauskas
33%
Cavaliers Brad Daugherty
31%
Kings Mitch Richmond
31%
Warriors Paul Arizin
31%
Trail Blazers Brandon Roy
30%
Mavericks Mark Aguirre
29%
Warriors Nate Thurmond
29%
Clippers Elton Brand
28%
Kings Jerry Lucas
26%
Thunder Jack Sikma
24%
Mavericks Rolando Blackman
24%
Pistons Dave Bing
23%
Mavericks Michael Finley
21%
Pacers Victor Oladipo
21%
Pacers Roy Hibbert
19%
Hawks Lou Hudson
18%
Timberwolves Wally Szczerbiak
17%
Nets Derrick Coleman
14%
Bucks Bob Dandridge
12%
Rockets Rudy Tomjanovich
12%
Hawks Cliff Hagan
10%
Wizards Walt Bellamy
10%
Suns Paul Westphal
9%
Kings Jack Twyman
8%
Grizzlies Shane Battier
6%
Knicks Harry Gallatin
5%
Pelicans Jamaal Magloire
4%
Pistons Larry Foust
3%
Trail Blazers Sidney Wiks
3%
Clippers Bob Kauffman
1%
Kings Wayne Embry
1%
No matching quizzes found
Score Distribution
Percent of People with Each Score
Percentile by Number Answered
Your Score History
You have not taken this quiz since the last reset